| 000 | 00476nam a2200169Ia 4500 | ||
|---|---|---|---|
| 003 | OSt | ||
| 005 | 20260323103103.0 | ||
| 008 | 211028s2019 xx 000 0 und d | ||
| 040 | _cAIMIT LIBRARY | ||
| 041 | _aeng | ||
| 100 |
_aMonthero, Aakash; Shetty, Annapoorna. _g161702 _95223 |
||
| 110 |
_aRiyaz Mohammed _95224 |
||
| 245 | _aTownBiz Enterprise Resource Planning (Client) / | ||
| 260 |
_aMangalore _c2019 |
||
| 710 |
_aAce Management Service _95225 |
||
| 942 |
_2ddc _cPRO |
||
| 999 |
_c217834 _d217834 |
||